000 00364nam a2200157Ia 4500
008 221030s9999 xx 000 0 und d
020 _a1403924090
041 _aEnglish
082 _a105.23
_bkau
100 _aH. Kaushal
245 0 _aCase Study Solutions Marketing
260 _bMacmillan
_aDelhi
_c2004
300 _a296
650 _aCase Study
942 _cBK
999 _c2190
_d2190